[Event "GRE-ch U14"]
[Site "Peristeri"]
[Date "2023.07.05"]
[Round "4"]
[White "Skodras, Marios Konstantinos"]
[Black "Gkogkas, Panteleimon"]
[Result "0-1"]
[WhiteElo "1636"]
[BlackElo "1339"]
[PlyCount "82"]
[EventDate "2023.07.03"]
[EventType "swiss"]
[EventRounds "9"]
[EventCountry "GRE"]
[SourceTitle "EXT 2024"]
[Source "ChessBase"]
[SourceDate "2023.10.10"]
[SourceVersion "1"]
[SourceVersionDate "2023.10.10"]
[SourceQuality "1"]

1. e4 c6 2. d4 d5 3. exd5 cxd5 4. Bd3 Nc6 5. c3 Nf6 6. Nf3 Bg4 7. h3 Bh5 8. Bf4 e6 9. Nbd2 Bd6 10. Bxd6 Qxd6 11. 0-0 0-0 12. Qe2 Rfe8 13. g4 Bg6 14. Bxg6 hxg6 15. Ne5 Nd7 16. f4 Ncxe5 17. fxe5 Qc6 18. Nf3 Nf8 19. Ng5 Re7 20. Qf2 Qc7 21. Qh4 b5 22. Rf3 Rd8 23. Raf1 Rdd7 24. Qf2 a5 25. h4 Nh7 26. Nxh7 Kxh7 27. h5 g5 28. Qe3 b4 29. Qxg5 bxc3 30. h6 f6 31. exf6 gxf6 32. Qxf6 cxb2 33. Qh4 Rf7 34. Rxf7+ Rxf7 35. Qe1 Rxf1+ 36. Qxf1 Qg3+ 37. Kh1 Qh4+ 38. Kg2 Qxg4+ 39. Kh2 Qf5 40. Qg2 Qh5+ 41. Kg3 Qg5+ 0-1

[Event "World School-ch U13"]
[Site "Rhodes"]
[Date "2023.04.19"]
[Round "6"]
[White "Mamedov, Edgar"]
[Black "Skodras, Marios Konstantinos"]
[Result "1-0"]
[WhiteElo "2248"]
[BlackElo "1654"]
[PlyCount "51"]
[EventDate "2023.04.14"]
[EventType "swiss"]
[EventRounds "9"]
[EventCountry "GRE"]
[SourceTitle "EXT 2024"]
[Source "ChessBase"]
[SourceDate "2023.10.10"]
[SourceVersion "1"]
[SourceVersionDate "2023.10.10"]
[SourceQuality "1"]

1. d4 Nf6 2. c4 e6 3. Nf3 d5 4. Nc3 Bb4 5. Bg5 h6 6. Bxf6 Qxf6 7. e3 0-0 8. Rc1 Rd8 9. a3 Bxc3+ 10. Rxc3 dxc4 11. Rxc4 c6 12. Be2 Nd7 13. 0-0 e5 14. Qc2 Qe6 15. Rd1 e4 16. Ne5 Nxe5 17. dxe5 Rxd1+ 18. Bxd1 Qg6 19. Qxe4 Qxe4 20. Rxe4 Be6 21. Rd4 Rc8 22. f4 Kf8 23. e4 c5 24. Rd6 Ke7 25. Kf2 f6 26. Rxe6+ 1-0

[Event "Thessaloniki White Tower op-A 2nd"]
[Site "Thessaloniki"]
[Date "2023.01.04"]
[Round "4"]
[White "Grapsa, Georgia"]
[Black "Skodras, Marios Konstantinos"]
[Result "1-0"]
[WhiteElo "1989"]
[BlackElo "1563"]
[PlyCount "61"]
[EventDate "2023.01.02"]
[EventType "swiss"]
[EventRounds "9"]
[EventCountry "GRE"]
[SourceTitle "CBM 212 Extra"]
[Source "ChessBase"]
[SourceDate "2023.03.31"]
[SourceVersion "1"]
[SourceVersionDate "2023.03.31"]
[SourceQuality "1"]

1. d4 Nf6 2. Nf3 g6 3. c4 Bg7 4. g3 d6 5. Bg2 0-0 6. 0-0 Nbd7 7. Nc3 e5 8. h3 Rb8 9. e4 exd4 10. Nxd4 a6 11. a4 Re8 12. Be3 Ne5 13. b3 c5 14. Nde2 Be6 15. f4 Nc6 16. Qd2 Qc8 17. Kh2 Qd7 18. Rad1 Rbd8 19. f5 gxf5 20. Bh6 Bxh6 21. Qxh6 Nxe4 22. Bxe4 f6 23. Nd5 Bxd5 24. Bxd5+ Kh8 25. Qxf6+ Qg7 26. Qxg7+ Kxg7 27. Nf4 Nd4 28. Rxd4 cxd4 29. Ne6+ Rxe6 30. Bxe6 Re8 31. Bxf5 1-0

[Event "GRE-chT U16 14th"]
[Site "Rio Achaia"]
[Date "2022.12.18"]
[Round "6"]
[White "Gkavardinas, Antonios"]
[Black "Skodras, Marios Konstantinos"]
[Result "1-0"]
[WhiteElo "2092"]
[BlackElo "1571"]
[PlyCount "79"]
[EventDate "2022.12.15"]
[EventType "team-swiss"]
[EventRounds "6"]
[EventCountry "GRE"]
[SourceTitle "EXT 2024"]
[Source "ChessBase"]
[SourceDate "2023.10.10"]
[SourceVersion "1"]
[SourceVersionDate "2023.10.10"]
[SourceQuality "1"]

1. e4 c5 2. Nf3 d6 3. d4 cxd4 4. Nxd4 Nf6 5. f3 e5 6. Nb3 d5 7. Bg5 Be6 8. Bxf6 gxf6 9. exd5 Qxd5 10. Qxd5 Bxd5 11. Nc3 Be6 12. 0-0-0 Nc6 13. g4 Bh6+ 14. Kb1 Ke7 15. Bd3 Bf4 16. Be4 Be3 17. Rhe1 Bb6 18. Nd5+ Bxd5 19. Bxd5 h5 20. h3 hxg4 21. hxg4 Rab8 22. c3 Bf2 23. Re2 Bg3 24. Nc5 Rhd8 25. Red2 Bf4 26. Rd3 b6 27. Bxc6 bxc5 28. Rd7+ Rxd7 29. Rd3 Ke6 30. Rxd7 Rg8 31. Rxa7 Rh8 32. a4 Rh1+ 33. Ka2 Rh2 34. a5 Kd6 35. Be4 c4 36. Rxf7 Bd2 37. Ka3 Kc5 38. a6 Bc1 39. Rb7 f5 40. a7 1-0

[Event "EU-chT U18"]
[Site "Thessaloniki"]
[Date "2022.07.12"]
[Round "1.9"]
[White "Zemach, Nadav"]
[Black "Skodras, Marios Konstantinos"]
[Result "1-0"]
[WhiteElo "2225"]
[BlackElo "1446"]
[PlyCount "63"]
[EventDate "2022.07.12"]
[EventType "team-swiss"]
[EventRounds "7"]
[EventCountry "GRE"]
[SourceTitle "CBM 209 Extra"]
[Source "ChessBase"]
[SourceDate "2022.09.30"]
[SourceVersion "1"]
[SourceVersionDate "2022.09.30"]
[SourceQuality "1"]
[WhiteTeam "Israel Tel Aviv U18"]
[BlackTeam "Greece Esth U18"]
[WhiteTeamCountry "ISR"]
[BlackTeamCountry "GRE"]

1. d4 d5 2. c4 e6 3. Nf3 Nf6 4. g3 Bb4+ 5. Bd2 Bxd2+ 6. Nbxd2 b6 7. cxd5 exd5 8. Bg2 0-0 9. 0-0 Be6 10. Nb1 Nbd7 11. Nc3 Rc8 12. Rc1 c6 13. b4 Qe7 14. Qb3 c5 15. bxc5 bxc5 16. Qa3 Qd6 17. Rfd1 Qc6 18. Ne5 Nxe5 19. dxe5 Ne4 20. Nxe4 dxe4 21. Qxa7 Rc7 22. Qa3 g6 23. Qe3 Bxa2 24. Bxe4 Qb5 25. Bd5 c4 26. e6 fxe6 27. Qxe6+ Kh8 28. Ra1 Qb2 29. Qd6 Rcc8 30. Rxa2 Qg7 31. Be6 Rc7 32. Qd4 1-0

[Event "GRE-ch U12"]
[Site "Patras"]
[Date "2021.09.02"]
[Round "6"]
[White "Skodras, Marios Konstantinos"]
[Black "Mylonakis, Ioannis Georg"]
[Result "1-0"]
[WhiteElo "1309"]
[BlackElo "1577"]
[PlyCount "85"]
[EventDate "2021.08.30"]
[EventType "swiss"]
[EventRounds "9"]
[EventCountry "GRE"]
[SourceTitle "EXT 2022"]
[Source "ChessBase"]
[SourceDate "2021.10.06"]
[SourceVersion "1"]
[SourceVersionDate "2021.10.06"]
[SourceQuality "1"]

1. b3 e5 2. Bb2 Nc6 3. e3 d5 4. Bb5 Bd6 5. f4 f6 6. Qh5+ g6 7. Qh4 Nge7 8. fxe5 fxe5 9. Nf3 Bd7 10. Bxc6 Nxc6 11. Qxd8+ Rxd8 12. Nc3 Ne7 13. Ne2 Nc6 14. Nf4 Nb4 15. Nxe5 Nxc2+ 16. Kd1 Nxa1 17. Nxd7 Kxd7 18. Bxh8 Rxh8 19. Nxd5 Rf8 20. Nc3 Rf2 21. g3 Ba3 22. Nd5 c6 23. Nc3 Ke6 24. Ne4 Rg2 25. Ng5+ Kf5 26. Nf3 Rf2 27. Nd4+ Ke4 28. Ke1 Rf7 29. Ke2 Bb2 30. Nf3 h6 31. Rb1 Bg7 32. Ne1 c5 33. Nd3 Nc2 34. Nxc5+ Kd5 35. Nd3 g5 36. Rc1 Na3 37. Rc5+ Ke6 38. Ra5 Bf8 39. Rxa7 b5 40. Ra6+ Kf5 41. g4+ Ke4 42. Ne1 b4 43. Ra5 1-0

[Event "GRE-ch U12"]
[Site "Patras"]
[Date "2021.08.31"]
[Round "2"]
[White "Skodras, Marios Konstantinos"]
[Black "Sarafis, Rafail"]
[Result "1/2-1/2"]
[WhiteElo "1309"]
[BlackElo "1541"]
[PlyCount "129"]
[EventDate "2021.08.30"]
[EventType "swiss"]
[EventRounds "9"]
[EventCountry "GRE"]
[SourceTitle "EXT 2022"]
[Source "ChessBase"]
[SourceDate "2021.10.06"]
[SourceVersion "1"]
[SourceVersionDate "2021.10.06"]
[SourceQuality "1"]

1. e4 c6 2. d4 d5 3. exd5 cxd5 4. Bd3 Nc6 5. c3 Qc7 6. Ne2 Nf6 7. Bf4 Qd8 8. Na3 a6 9. 0-0 Bg4 10. f3 Bh5 11. Bg3 Bg6 12. Nf4 Bxd3 13. Nxd3 e6 14. Qb3 Na5 15. Qa4+ b5 16. Qc2 Bxa3 17. bxa3 Nc4 18. Qe2 Nxa3 19. Nc5 Qe7 20. Bh4 0-0 21. Bxf6 gxf6 22. f4 Kh8 23. Qh5 Rg8 24. Rae1 Nc4 25. Rf3 Rg7 26. Rh3 Rag8 27. g3 Qd8 28. Qh6 f5 29. Re2 Nd6 30. Nd3 Ne4 31. Ne5 Qf6 32. Qh5 Rd8 33. Re3 Nd6 34. Nf3 Ne4 35. Re1 Rc8 36. Rc1 Rxc3 37. Rxc3 Nxc3 38. Ne5 Ne4 39. Nc6 Nd6 40. Ne5 Nc4 41. Nf3 a5 42. Kh1 a4 43. Ng5 h6 44. Qd1 Kg8 45. Nf3 Qg6 46. Rh4 Nd6 47. Ne5 Qf6 48. Qc2 Nc4 49. Qb1 Nd6 50. Qb4 Qe7 51. Rxh6 Rh7 52. Rxh7 Kxh7 53. Nxf7 Qxf7 54. Qxd6 Qf6 55. Qc5 Kg6 56. h3 Kh7 57. Qxb5 Qxd4 58. Qd7+ Kh8 59. Qe8+ Kh7 60. Qh5+ Kg7 61. Qg5+ Kh7 62. Qe7+ Kh8 63. a3 Qd1+ 64. Kg2 Qe2+ 65. Kg1 1/2-1/2

[Event "GRE-ch Online Blitz op 1st"]
[Site "Tornelo INT"]
[Date "2021.02.07"]
[Round "11"]
[White "Giannoulis, Ilias"]
[Black "Skodras, Marios Konstantinos"]
[Result "0-1"]
[WhiteElo "1811"]
[BlackElo "1309"]
[PlyCount "148"]
[EventDate "2021.02.07"]
[EventType "swiss (blitz)"]
[EventRounds "16"]
[EventCountry "GRE"]
[SourceTitle "EXT 2023"]
[Source "ChessBase"]
[SourceDate "2022.10.05"]
[SourceVersion "1"]
[SourceVersionDate "2022.10.05"]
[SourceQuality "1"]

1. e4 e5 2. Nf3 Nc6 3. Bb5 g6 4. 0-0 Bg7 5. Bxc6 dxc6 6. d3 Ne7 7. h3 0-0 8. Be3 f5 9. exf5 Nxf5 10. Nc3 Be6 11. Qd2 Bd5 12. Nxd5 Qxd5 13. b3 e4 14. dxe4 Qxe4 15. Rad1 Nxe3 16. fxe3 Rae8 17. Rfe1 Bh6 18. Kh1 Bxe3 19. Qe2 Qf4 20. Qd3 Bb6 21. Rxe8 Rxe8 22. Qd7 Rf8 23. Qe6+ Qf7 24. Qxf7+ Rxf7 25. Ng5 Re7 26. Rd2 Be3 27. Rd8+ Kg7 28. Nf3 Bf4 29. Rd1 Bd6 30. Kg1 Rf7 31. Kf2 h6 32. c4 Bc5+ 33. Kg3 g5 34. Kh2 Bd6+ 35. Kh1 Kg6 36. Re1 h5 37. a3 g4 38. hxg4 hxg4 39. Nd4 Rh7+ 40. Kg1 Bc5 41. Re4 Rd7 42. Kf1 Rxd4 43. Re6+ Kf5 44. Re8 Bxa3 45. Ke2 Bc5 46. Rh8 Re4+ 47. Kd3 Re3+ 48. Kc2 Kf4 49. Rg8 Kg3 50. Kd2 Re6 51. Kc3 Bb6 52. b4 Re3+ 53. Kd2 Ra3 54. c5 Ra2+ 55. Ke3 Rxg2 56. cxb6 axb6 57. Rg7 Rb2 58. Rxc7 Rxb4 59. Rxb7 c5 60. Kd3 Kg2 61. Rg7 g3 62. Ke3 Rb3+ 63. Ke2 Rb2+ 64. Ke3 Rb4 65. Rf7 b5 66. Rc7 c4 67. Kd4 Kg1 68. Kc5 Rb2 69. Rg7 g2 70. Rg6 Kf1 71. Rf6+ Rf2 72. Rg6 g1Q 73. Rxg1+ Kxg1 74. Kxb5 c3 0-1

[Event "GRE-ch Online Blitz op 1st"]
[Site "Tornelo INT"]
[Date "2021.02.07"]
[Round "9"]
[White "Skodras, Marios Konstantinos"]
[Black "Merkouropoulos, Dionysios"]
[Result "1-0"]
[WhiteElo "1309"]
[BlackElo "1081"]
[PlyCount "67"]
[EventDate "2021.02.07"]
[EventType "swiss (blitz)"]
[EventRounds "16"]
[EventCountry "GRE"]
[SourceTitle "EXT 2023"]
[Source "ChessBase"]
[SourceDate "2022.10.05"]
[SourceVersion "1"]
[SourceVersionDate "2022.10.05"]
[SourceQuality "1"]

1. b3 e5 2. Bb2 Nc6 3. e3 d5 4. Bb5 f6 5. Qh5+ g6 6. Qh4 Be7 7. f3 Bf5 8. d3 a6 9. Bxc6+ bxc6 10. Nd2 Be6 11. Ne2 f5 12. Qf2 Bf6 13. 0-0 e4 14. Bxf6 Nxf6 15. Nd4 Qd7 16. fxe4 dxe4 17. dxe4 Nxe4 18. Nxe4 fxe4 19. Qf6 Rg8 20. Qxe6+ Qxe6 21. Nxe6 Kd7 22. Nc5+ Kd6 23. Nxe4+ Ke5 24. Nc3 Rad8 25. Rad1 Rgf8 26. Rxf8 Rxf8 27. Rf1 Rd8 28. Rf2 c5 29. g3 g5 30. Kg2 g4 31. Ne2 Ke4 32. Nf4 Kxe3 33. Re2+ Kd4 34. Rd2+ 1-0